Państwa graniczące z Ukrainą - Statystyki

Ogólne statystyki
  • Ten quiz został rozwiązany 33 razy
  • Średni wynik to 7 z 7
Statystyki odpowiedzi
Odpoweidź % Poprawnych
Białoruś
100%
Polska
100%
Rosja
100%
Mołdawia
96%
Rumunia
93%
Słowacja
85%
Węgry
85%
Nie znaleziono quizów pasujących do podanych kryteriów
Rozkład punktacji
Procent ludzi z każdym wynikiem
Percentyl według liczby udzielonych odpowiedzi
Twoja historia wyników
Nie rozwiązałeś tego quizu